000 00579nam a2200193Ia 4500
005 20250326142633.0
008 250326s9999 xx 000 0 und d
020 _a0-538-81214-1
037 _aTextbook
040 _aFMSL
_beng
_cFMSL
041 _aeng
_2eng
084 _aX:8D N2
_qFMSL
100 _aMelicher R W
_9743686
245 0 _aFice introduction to markets institutions and management
_cMelicher R W; Welshans M T
260 _aCincinnati
_bCincinnati, Soutth-Western
_c1992
300 _axvii,621
942 _cTB
_hX:8D N2
999 _c1295943
_d1295943